Las Grandes catedrales de Europa : monografías - álbums de las principales catedrales europeas / Delfín Fernández y González monografías - álbums de las principales catedrales europeas / Delfín Fernández y González
Descripción Física:
2 v. ; 34 cm
Materias:
Catedrals -- Europa
MARC
| LEADER | 00000nam a2200000Ia 4500 | ||
|---|---|---|---|
| 001 | 13650, 13651 | ||
| 008 | 160829s1914 xx 000 0 cat d | ||
| 080 | |a R-12-158, R-12-159 | ||
| 100 | |a Fernández y González, Delfín |9 24486 | ||
| 245 | |a Las Grandes catedrales de Europa : |b monografías - álbums de las principales catedrales europeas / Delfín Fernández y González | ||
| 260 | |a Barcelona : |b Delfín Fernández y González, |c 1914 | ||
| 300 | |a 2 v. ; |c 34 cm | ||
| 650 | |a Catedrals |x Europa |9 24487 | ||
| 901 | |a Arxiu | ||
| 942 | |n 1 | ||
| 952 | |0 0 |1 0 |4 0 |6 R12158_R12159 |7 1 |9 43178 |a Arxiu |b Arxiu |d 2016-12-01 |l 0 |o R-12-158, R-12-159 |p 13650, 13651 |r 2016-12-01 00:00:00 |w 2016-12-01 |y ARXIU | ||
| 999 | |c 45722 |d 45722 | ||